000 01144cab a2200193 4500
001 L131041
008 050922n2005 000 0 eng u
035 _a(Sirsi) u131041
041 0 _aeng
100 1 _aBaker, Chris
245 _aRural report points to a poor quality of life
260 _c2005
490 _aAxis
_v59 September/October 2005,8-9(2)
520 _aReviews the Commission for Rural Communities' report "State of the countryside 2005" which is its most detailed to date. Reveals that the quality of life in rural England is continuing to decline because of insufficient housing, inadequate transport and access to services, and disadvantages country dwellers in comparison with urban residents The report will be fed into the work of the government Affordable Rural Housing Commission. Concludes that the gap between town and country will continue to widen.
590 _aIKA270905
690 _aPROPERTY-RURAL AND NATURAL ASSETS-RURAL AND NATURAL ASSET DEVELOPMENT
856 4 1 _uhttps://www.ruralcommunities.gov.uk/article.asp?aID=56&pID=1
_zView the report free of charge at www.ruralcommunities.gov.uk...
942 _n0
999 _c75914
_d75914